| 000 | 00361nam a22001337a 4500 | ||
|---|---|---|---|
| 999 |
_c113836 _d113836 |
||
| 005 | 20190725123831.0 | ||
| 008 | 190725b ||||| |||| 00| 0 eng d | ||
| 082 | _a340 BCI | ||
| 245 | _aAll India bar examination 2010 preparatory materials book 1of 2 | ||
| 300 | _a214p | ||
| 650 |
_zMethodology - AIBE _zCriminal law etc |
||
| 760 | _b1 | ||
| 942 |
_2ddc _cREP |
||